Cenová stratégia podniku diplomová práca

Salvato in:
Dettagli Bibliografici
Autore principale: Barlašová, Terézia
Ente Autore: Podnikovohospodárska fakulta EU so sídlom v Košiciach. Katedra manažmentu
Altri autori: Mihalčová, Bohuslava, 1963-
Natura: Libro
Lingua:slovacco
Pubblicazione: Košice 2018
Tags: Aggiungi Tag
Nessun Tag, puoi essere il primo ad aggiungerne!!

MARC

LEADER 00000nbm a2200000 4500
001 0244083
005 20181019122712.8
041 0 |a slo 
044 |a SK 
245 1 0 |a Cenová stratégia podniku  |b diplomová práca  |c Terézia Barlašová ; školiteľ: Bohuslava Mihalčová 
264 1 |a Košice  |c 2018 
300 |a 69 s. 
100 1 |a Barlašová, Terézia 
700 1 |a Mihalčová, Bohuslava, 1963- 
710 2 |a Podnikovohospodárska fakulta EU so sídlom v Košiciach. Katedra manažmentu